| 000 | 02664nkm0a2200481 4500 | ||
|---|---|---|---|
| 001 | RU\NLR\DIGIT\525853 | ||
| 005 | 20260204000000.0 | ||
| 010 |
_d75 к. _920000 экз. |
||
| 020 |
_aRU _9ЛЕНИНГРАД В ВЕЛИКОЙ ОТЕЧЕСТВЕННОЙ ВОЙНЕ: Печать Ленинграда, 1941 - 1945: каталог изданий, хранящихся в фондах Государственной Публичной библиотеки, вып.2. Листовки,плакаты,открытки,альбомы/Гос.публ.б-ка им.М.Е.Салтыкова-Щедрина. - Ленинград,1972 _b632/3 |
||
| 035 | _a(NLR Aleph) 010459997 | ||
| 090 |
_a74571 _c74571 |
||
| 100 | _a20140813d1941 m y0rusy50 ca | ||
| 101 | 0 | _arus | |
| 102 | _aRU | ||
| 116 | _adiycxx zz ad | ||
| 135 | _acrcn 024anaba | ||
| 200 | 1 |
_aПодвиг дружинницы Клавдии Павловой _e[Лубок] _fХудож. Шиллингофский |
|
| 210 |
_aЛенинград _cИскусство _d1941 _aМосква |
||
| 215 |
_a1 л. _d34x47 см |
||
| 225 | 1 |
_aСлава героям Советской земли! _e[Серия лубков] |
|
| 325 | _aКопия доступна в электронной библиотеке РНБ | ||
| 327 | 0 | _aДевушка-санинструктор выносит на себе с поля боя раненого бойца | |
| 517 | 1 | _aДружинница Клавдия Павлова во время жаркого боя... | |
| 606 | 1 |
_aБлокада Ленинграда _z1941 - 1944 _jПлакаты _2nlr_sh1 _2nlr_sh2 _3RU\NLR\AUTH\661253360 |
|
| 608 |
_aПлакаты общественно-политические _2nlr-sh2 |
||
| 610 | 0 | _aЛубки | |
| 702 | 1 |
_aШиллинговский _bП.А. _cхудожник _f1881-1942 _gПавел Александрович _4040 |
|
| 801 | 2 |
_aRU _bNLR _c20140813 _2rusmarc |
|
| 852 |
_aNLR _bЛ3-310 п _j28/1-10 |
||
| 852 | 0 | 0 |
_aNLR _bЭ _jПлИр995/3-4 _mЭ029748 |
| 852 | 0 | 0 |
_aNLR _bЭ _jПлИр995/3-4 _mЭ029749 |
| 852 | 0 | 0 |
_aNLR _bЭ _jПлИр995/3-4 _mЭ029750 |
| 856 | 0 | _uhttp://vivaldi.nlr.ru/la000070067/view | |
| 856 | 1 | _uhttp://vivaldi.nlr.ru/la000070067/cover | |
| 856 | 2 | _uhttp://vivaldi.nlr.ru/la000070067/text | |
| 942 | _cVISUAL | ||
| 945 | _aРоссийская национальная библиотека | ||
| 980 | _aNB | ||
| 980 | _aBV | ||
| 981 | 3 | 7 | _a(37) Ленинград в Великой Отечественной войне |
| 981 | 1 | 7 |
_a(17) Изографические материалы _b(17) Плакаты |